[Event "Presolana op 35th"]
[Site "Presolana"]
[Date "2015.08.28"]
[Round "6"]
[White "Asperti, Giovanni"]
[Black "Virzi, Ettore"]
[Result "1-0"]
[WhiteElo "1759"]
[BlackElo "1965"]
[PlyCount "73"]
[EventDate "2015.08.23"]
[EventType "swiss"]
[EventRounds "8"]
[EventCountry "ITA"]
[SourceTitle "EXT 2024"]
[Source "ChessBase"]
[SourceDate "2023.10.10"]
[SourceVersion "1"]
[SourceVersionDate "2023.10.10"]
[SourceQuality "1"]

1. e4 e5 2. Nf3 Nc6 3. Bb5 a6 4. Ba4 Nf6 5. 0-0 b5 6. Bb3 Bc5 7. c3 d6 8. d4 Bb6 9. Bg5 h6 10. Bh4 0-0 11. a4 Bb7 12. axb5 axb5 13. Rxa8 Bxa8 14. d5 Na5 15. Bc2 c6 16. dxc6 Bxc6 17. Qe2 g5 18. Bg3 Ne8 19. Rd1 Qe7 20. Na3 Nc7 21. b4 Nb7 22. Bd3 Qe8 23. c4 Bd7 24. cxb5 Bg4 25. Nc4 Bd4 26. Ne3 Bxe3 27. Qxe3 Qa8 28. Rb1 Ne6 29. h4 f6 30. Bc4 Re8 31. hxg5 hxg5 32. Nxg5 Kg7 33. Nxe6+ Bxe6 34. Bxe6 Rxe6 35. Rc1 Re8 36. Rc7+ Kg6 37. Bh4 1-0

[Event "Milan Crespi op-C 35th"]
[Site "Milan"]
[Date "2014.12.06"]
[Round "4"]
[White "Virzi, Ettore"]
[Black "Montaruli, Roberto"]
[Result "1/2-1/2"]
[WhiteElo "1966"]
[BlackElo "1835"]
[PlyCount "40"]
[EventDate "2014.12.04"]
[EventType "swiss"]
[EventRounds "7"]
[EventCountry "ITA"]
[SourceTitle "EXT 2017"]
[Source "ChessBase"]
[SourceDate "2016.10.25"]
[SourceVersion "1"]
[SourceVersionDate "2016.10.25"]
[SourceQuality "1"]

1. e4 c6 2. c4 d5 3. exd5 cxd5 4. cxd5 Nf6 5. Nc3 Nxd5 6. Nf3 Nc6 7. Bb5 Nxc3 8. bxc3 Bd7 9. d4 Qa5 10. Qb3 e6 11. 0-0 a6 12. Bd3 Qc7 13. Re1 Be7 14. Qc2 Rc8 15. a3 h6 16. Qe2 Bf6 17. Qe4 Ne7 18. Bd2 Bc6 19. Qe2 0-0 20. Ne5 Rfd8 1/2-1/2

[Event "Milan Crespi op-A 34th"]
[Site "Milan"]
[Date "2013.12.07"]
[Round "4"]
[White "Virzi, Ettore"]
[Black "Baltzopoulos, Giorgos"]
[Result "1/2-1/2"]
[WhiteElo "1973"]
[BlackElo "1975"]
[PlyCount "92"]
[EventDate "2013.12.04"]
[EventType "swiss"]
[EventRounds "7"]
[EventCountry "ITA"]
[SourceTitle "EXT 2024"]
[Source "ChessBase"]
[SourceDate "2023.10.10"]
[SourceVersion "1"]
[SourceVersionDate "2023.10.10"]
[SourceQuality "1"]

1. e4 c5 2. Nf3 d6 3. d4 cxd4 4. Nxd4 Nf6 5. Nc3 a6 6. Bg5 e6 7. f4 Nbd7 8. Qf3 Qc7 9. 0-0-0 b5 10. Bd3 Bb7 11. Rhe1 Qb6 12. Nd5 Qxd4 13. Bxf6 gxf6 14. Bxb5 Qc5 15. b4 Qxb5 16. Nc7+ Ke7 17. Nxb5 axb5 18. Qd3 Ra6 19. Qxb5 Rb6 20. Qh5 Rxb4 21. a3 Rb6 22. e5 d5 23. Rd3 Rg8 24. Qxh7 Rg6 25. Rc3 Bh6 26. g3 fxe5 27. Rc7 Rf6 28. Rxe5 Kd6 29. Rxd7+ Kxd7 30. Rh5 Bf8 31. Qh8 Bxa3+ 32. Kd2 Bb4+ 33. c3 Be7 34. Qb8 Bd6 35. Qg8 Ba6 36. Rh8 Rb8 37. Qg7 Rxh8 38. Qxh8 Rg6 39. Qa8 Bc4 40. Qa7+ Bc7 41. Qa4+ Kd8 42. Qa8+ Ke7 43. Qa7 Kd6 44. Qa3+ Kd7 45. Qa4+ Kd8 46. Qa8+ Kd7 1/2-1/2

[Event "Milan Palladino Memorial"]
[Site "Milan"]
[Date "2013.03.29"]
[Round "2"]
[White "Gagliardi, Christian"]
[Black "Virzi, Ettore"]
[Result "1-0"]
[WhiteElo "2206"]
[BlackElo "1972"]
[PlyCount "51"]
[EventDate "2013.03.28"]
[EventType "swiss"]
[EventRounds "7"]
[EventCountry "ITA"]
[SourceTitle "EXT 2014"]
[Source "ChessBase"]
[SourceDate "2013.11.20"]
[SourceVersion "1"]
[SourceVersionDate "2013.11.20"]
[SourceQuality "1"]

1. e4 e5 2. Nf3 Nc6 3. Bc4 Nf6 4. d3 Bc5 5. c3 a6 6. Bb3 Ba7 7. h3 d6 8. Nbd2 0-0 9. Nf1 Be6 10. Bc2 h6 11. g4 d5 12. Qe2 dxe4 13. dxe4 Nd7 14. Ne3 Ne7 15. Nf5 Ng6 16. h4 Re8 17. h5 Ngf8 18. Bd2 f6 19. 0-0-0 Nh7 20. N3h4 Bc5 21. Bb3 b5 22. Ng6 Qc8 23. Kb1 Ndf8 24. Be3 Bd6 25. Rxd6 cxd6 26. Nfe7+ 1-0

[Event "Latschach op 28th"]
[Site "Latschach"]
[Date "2012.08.12"]
[Round "2"]
[White "Virzi, Ettore"]
[Black "Keller, Manfred"]
[Result "1/2-1/2"]
[WhiteElo "1964"]
[BlackElo "2189"]
[PlyCount "77"]
[EventDate "2012.08.11"]
[EventType "swiss"]
[EventRounds "9"]
[EventCountry "AUT"]
[SourceTitle "CBM 149 Extra"]
[Source "ChessBase"]
[SourceDate "2012.08.24"]
[SourceVersion "1"]
[SourceVersionDate "2012.08.24"]
[SourceQuality "1"]

1. e4 e5 2. Nf3 Nc6 3. Bb5 a6 4. Ba4 f5 5. d4 exd4 6. Nxd4 Nxd4 7. Qxd4 c5 8. Qe5+ Qe7 9. Qxe7+ Bxe7 10. c4 fxe4 11. Nc3 Nf6 12. 0-0 b5 13. cxb5 Bb7 14. Rd1 axb5 15. Bxb5 Rd8 16. Bf4 0-0 17. Bd6 Bxd6 18. Rxd6 e3 19. fxe3 Rfe8 20. Rad1 Rxe3 21. Bxd7 Kf8 22. Bf5 Rxd6 23. Rxd6 Re5 24. Rb6 Bxg2 25. Kxg2 Rxf5 26. a4 Ng4 27. a5 Ne3+ 28. Kg3 Nf1+ 29. Kg2 Ne3+ 30. Kg3 Nf1+ 31. Kh3 Ne3 32. a6 g5 33. Ne4 Rf3+ 34. Ng3 Rf4 35. Rb8+ Kf7 36. Rb7+ Kg6 37. Rb6+ Kf7 38. Rb7+ Kg6 39. Rb6+ 1/2-1/2

[Event "Milan SSM op"]
[Site "Milan"]
[Date "2012.07.29"]
[Round "3"]
[White "Margstahler, Francesco"]
[Black "Virzi, Ettore"]
[Result "1/2-1/2"]
[WhiteElo "1787"]
[BlackElo "1964"]
[PlyCount "129"]
[EventDate "2012.07.27"]
[EventType "swiss"]
[EventRounds "7"]
[EventCountry "ITA"]
[SourceTitle "EXT 2014"]
[Source "ChessBase"]
[SourceDate "2013.11.20"]
[SourceVersion "1"]
[SourceVersionDate "2013.11.20"]
[SourceQuality "1"]

1. e4 e5 2. Nf3 Nc6 3. Nc3 Nf6 4. d4 exd4 5. Nxd4 Bb4 6. Nxc6 bxc6 7. Bd3 0-0 8. 0-0 d5 9. exd5 cxd5 10. Bg5 c6 11. Qf3 h6 12. Bxf6 Qxf6 13. Qxf6 gxf6 14. Ne2 Bd6 15. c4 dxc4 16. Bxc4 Be5 17. Nc3 Rb8 18. Bb3 Be6 19. Bxe6 fxe6 20. Rab1 Rfd8 21. Rfd1 Bxc3 22. Rxd8+ Rxd8 23. bxc3 Rd2 24. g3 Rxa2 25. Rb7 Rc2 26. Rxa7 Rxc3 27. Rc7 c5 28. h4 Rc1+ 29. Kg2 c4 30. h5 c3 31. Kf3 c2 32. Ke2 Rh1 33. Rxc2 Rxh5 34. Rc7 Rg5 35. Re7 e5 36. f4 Rg7 37. Re8+ Kf7 38. Rh8 e4 39. Rxh6 Rxg3 40. f5 Rf3 41. Rh4 Rxf5 42. Rxe4 Kg6 43. Rg4+ Kh5 44. Ra4 Kg5 45. Ke3 Rf1 46. Ke2 Rf4 47. Ra3 Kg4 48. Rb3 f5 49. Ra3 Rb4 50. Kf1 Rb2 51. Rc3 Ra2 52. Kg1 f4 53. Kf1 Kh4 54. Rf3 Ra1+ 55. Kf2 Kg4 56. Rb3 Ra2+ 57. Kf1 Rc2 58. Ra3 Kf5 59. Ra5+ Kg4 60. Ra3 f3 61. Ra8 Kf4 62. Rf8+ Ke3 63. Re8+ Kf4 64. Rf8+ Ke3 65. Re8+ 1/2-1/2

[Event "Milan Repubblica op"]
[Site "Milan"]
[Date "2012.06.02"]
[Round "3"]
[White "Pierandrei, Cristiano"]
[Black "Virzi, Ettore"]
[Result "1-0"]
[WhiteElo "1955"]
[BlackElo "1943"]
[PlyCount "85"]
[EventDate "2012.05.31"]
[EventType "swiss"]
[EventRounds "6"]
[EventCountry "ITA"]
[SourceTitle "EXT 2015"]
[Source "ChessBase"]
[SourceDate "2014.11.20"]
[SourceVersion "1"]
[SourceVersionDate "2014.11.20"]
[SourceQuality "1"]

1. e4 e5 2. Nf3 Nc6 3. Bb5 a6 4. Ba4 Nf6 5. 0-0 b5 6. Bb3 Bc5 7. a4 Rb8 8. c3 d6 9. d4 Bb6 10. Na3 0-0 11. axb5 axb5 12. Nxb5 Bg4 13. Re1 Bxf3 14. gxf3 Nh5 15. Kh1 Qf6 16. Rg1 Nf4 17. Be3 Rfc8 18. Rg4 h5 19. Rg3 Ne7 20. Bc4 Neg6 21. b4 c6 22. Na3 d5 23. Ba6 Rd8 24. Nc2 Bc7 25. Qd2 h4 26. Rg4 Ne6 27. Be2 exd4 28. cxd4 dxe4 29. Rxe4 Ne5 30. Ne1 g6 31. Qb2 Nd7 32. Nd3 Ng5 33. Bxg5 Qxg5 34. Rg1 Qf6 35. Ne5 Nxe5 36. dxe5 Qe7 37. Bc4 Kf8 38. e6 f6 39. Rxh4 Rxb4 40. Qe2 f5 41. Rh8+ Kg7 42. Qe5+ Qf6 43. Rh7+ 1-0

[Event "Milan op 01"]
[Site "Milan"]
[Date "2012.01.07"]
[Round "7"]
[White "Gonella, Daniele"]
[Black "Virzi, Ettore"]
[Result "1-0"]
[WhiteElo "2100"]
[BlackElo "1960"]
[PlyCount "173"]
[EventDate "2012.01.02"]
[EventType "swiss"]
[EventRounds "9"]
[EventCountry "ITA"]
[SourceTitle "EXT 2014"]
[Source "ChessBase"]
[SourceDate "2013.11.20"]
[SourceVersion "1"]
[SourceVersionDate "2013.11.20"]
[SourceQuality "1"]

1. e4 e5 2. Bc4 Nc6 3. Nf3 Nf6 4. Qe2 Be7 5. d3 d6 6. h3 a6 7. c3 Na5 8. Bb3 Nxb3 9. axb3 0-0 10. g4 Re8 11. Nbd2 Bf8 12. Nf1 d5 13. Ng3 dxe4 14. dxe4 Be6 15. b4 b5 16. Bg5 Bc4 17. Qe3 Qd3 18. Nd2 Qxe3+ 19. Bxe3 Be6 20. Ke2 Nd7 21. Nf5 c5 22. bxc5 Nxc5 23. Bxc5 Bxc5 24. b4 Bb6 25. Nd6 Red8 26. Nb7 Rd7 27. Na5 Bxf2 28. Nf3 Bg3 29. Ng5 Rc8 30. Nxe6 fxe6 31. Rac1 Bf4 32. Rc2 Rdc7 33. Kd3 Rd7+ 34. Ke2 Rdc7 35. Kd3 Rd8+ 36. Ke2 Rd6 37. Rd1 Rxd1 38. Kxd1 Be3 39. Ke2 Bd4 40. Kd3 Bb6 41. Nb3 Rd7+ 42. Ke2 Rf7 43. Rd2 Rf2+ 44. Kd3 Kf7 45. Rxf2+ Bxf2 46. Nd2 Ke7 47. Nf3 Bg3 48. c4 bxc4+ 49. Kxc4 Kd6 50. Kd3 Kc6 51. Ng5 h6 52. Nxe6 g6 53. Kc4 Bf2 54. Nf8 g5 55. Nh7 a5 56. bxa5 Be1 57. Nf6 Bxa5 58. Ng8 Kd6 59. Nxh6 Bd2 60. Kd3 Bc1 61. Kc2 Bf4 62. Nf5+ Ke6 63. Kd3 Bc1 64. Ke2 Kf6 65. Kf3 Bd2 66. Ne3 Ke6 67. Nf1 Bc3 68. Ke2 Bd4 69. Nh2 Bb2 70. Kf2 Bc1 71. Nf3 Kf6 72. Kg2 Be3 73. h4 gxh4 74. Kh3 Bg5 75. Nxh4 Bf4 76. Nf3 Kg6 77. Kh4 Kh6 78. g5+ Kg6 79. Kg4 Bc1 80. Nxe5+ Kg7 81. Kf5 Bb2 82. Ng4 Bc3 83. Nf6 Bb2 84. Nd5 Bd4 85. Nf4 Bb2 86. e5 Bc3 87. Ne6+ 1-0

[Event "Milan Crespi op-B 32nd"]
[Site "Milan"]
[Date "2011.12.11"]
[Round "7"]
[White "Olivo, Mario"]
[Black "Virzi, Ettore"]
[Result "0-1"]
[WhiteElo "1860"]
[BlackElo "1966"]
[PlyCount "86"]
[EventDate "2011.12.07"]
[EventType "swiss"]
[EventRounds "7"]
[EventCountry "ITA"]
[SourceTitle "EXT 2022"]
[Source "ChessBase"]
[SourceDate "2021.10.06"]
[SourceVersion "1"]
[SourceVersionDate "2021.10.06"]
[SourceQuality "1"]

1. c4 Nf6 2. g3 g6 3. Bg2 Bg7 4. Nc3 0-0 5. Nf3 d6 6. 0-0 c5 7. d4 Nc6 8. d5 Na5 9. Qd3 a6 10. Nd2 Rb8 11. a4 Ng4 12. Nf3 Nb3 13. Ra2 Nxc1 14. Rxc1 Bd7 15. h3 Nf6 16. e4 Ne8 17. Re1 Nc7 18. b3 b5 19. axb5 axb5 20. Bf1 bxc4 21. bxc4 Rb3 22. Rc2 Na6 23. Qd2 Nb4 24. Rcc1 Qa5 25. e5 Ra8 26. Bg2 Qc7 27. e6 fxe6 28. dxe6 Bc6 29. Nd5 Bxd5 30. cxd5 Ra2 31. Qf4 Ra8 32. Qc4 Raa3 33. Nd4 Bxd4 34. Qxd4 Nd3 35. Qg4 Qd8 36. Be4 Nxe1 37. Bxg6 Nf3+ 38. Kh1 Qf8 39. Bf7+ Kh8 40. h4 Qg7 41. Qh5 Ra1 42. Rxa1 Qxa1+ 43. Kg2 Qg7 0-1